00381nam a2200145 a 4500008004100000020001800041050001600059100001600075245003300091260003800124300001600162350001000178650001600188650003100204160721s2007 ||||||||||||||||| || u a9781843922841 aHV 6025 New aNewburn Tim10aCriminology cBy Tim Newburn aPortlandbWillan Publishingc2007 axxvii, 1019 a70.09 0aCRIMINOLOGY aCRIMINOLOGY--UNITED STATES